LEADER 06653nam 2200721Ia 450 001 9911008460303321 005 20260331110038.0 010 $a9781452282046 010 $a1452282048 010 $a9781452282053 010 $a1452282056 035 $a(OCoLC)855874712 035 $a(MiFhGG)GVRL6MPZ 035 $a(CKB)2670000000401914 035 $a(MiAaPQ)EBC1323037 035 $a(MiFhGG)9781452282053 035 $a(OCoLC)864716021 035 $a(StDuBDS)EDZ0000109424 035 $a(MiFhGG)9781452282060 035 $a(EXLCZ)992670000000401914 100 $a20130807d2013 uy 0 101 0 $aeng 135 $aurun|---uuuua 181 $ctxt 182 $cc 183 $acr 200 00$aHistoric documents of 2012 $ecurrent events that chronicle the year, introductory essays that build understanding, primary sources that aid research /$fHeather Kerrigan, editor 210 $aLos Angeles $cCQ Press$d2013 210 1$aThousand Oaks, California :$cCQ Press,$d2013. 215 $a1 online resource (xliii, 667 pages $cillustrations) 225 0 $aGale eBooks 300 $a"Current events that chronicle the year, introductory essays that build understanding, primary sources that aid research"--Cover. 311 08$a9781452282060 311 08$a1452282064 320 $aIncludes bibliographical references and index. 327 $aJanuary -- President Obama releases new defense strategy -- Supreme Court rules on discrimination in religious organizations -- CDC releases reports on obesity in the United States -- State Department, president deny Keystone XL pipeline application -- Congressional response to internet piracy protests -- Supreme Court rules on privacy -- Europe, Israel respond to rising tensions with Iran -- State of the Union address and Republican response. 327 $aFebruary -- United Nations fails to take action in Syria -- California and Washington legalize same-sex marriage -- Federal officials announce $26 billion mortgage settlement -- President Obama on contraception compromise -- European leaders agree to new Greek bailout. 327 $aMarch -- Mitt Romney and the RNC remark on 2012 presidential primary -- Putin on his reelection as president of Russia -- Evolving relationship between the United States and Afghanistan -- Florida governor responds to Trayvon Martin shooting. 327 $aApril -- Supreme Court rules on jail strip searches -- North Korea remarks on satellite launches -- Secret Service responds to sexual misconduct in Colombia -- International organizations respond to coup in Guinea-Bissau -- Medicare trustees assess program's financial challenges -- International Court convicts Charles Taylor of war crimes. 327 $aMay -- Pro-democracy leader Aung San Suu Kyi wins seat in Burmese parliament -- U.S. and China officials on Chinese dissident -- French president Hollande delivers inaugural address -- U.S. task force makes recommendations against routine prostate cancer screening -- WikiLeaks founder denied stay of extradition. 327 $aJune -- May U.S. jobs report released -- Wisconsin governor survives recall election -- Secretary of Homeland Security amends immigration policy -- Supreme Court rules on indecency in broadcasting -- New Egyptian president delivers victory speech -- Supreme Court rules on Arizona immigration law -- Supreme Court rules on life without parole for juvenile killers -- Supreme Court rules on Affordable Care Act. 327 $aJuly -- Justice Department outlines largest health care fraud settlement -- Scientists announce possible discovery of universe particle -- European Central Bank cuts rates to record low -- United Nations on Libyan elections and new government -- Penn State releases report on Sandusky child sexual abuse allegations -- Interior Department on the impact of a national helium shortage -- Nasdaq proposes $62 million concession for difficulties related to Facebook's IPO debut -- 2012 Summer Olympic Games open in London. 327 $aAugust -- NASA rover lands on Mars -- Indian enquiry committee releases report on power grid failure -- Wife of Chinese politicians sentenced to death with reprieve for murder -- Chicago Teachers Union and mayor address strike -- District court rules on Texas voter ID law. 327 $aSeptember -- Census Bureau reports on poverty in the United States -- State Department responds to Benghazi consulate attack -- China and Japan dispute island territory. 327 $aOctober -- President Obama issues executive order sanctioning Iran; IAEA and Iran continue nuclear talks -- President Obama and former gov. Romney meet in second presidential debate -- FBI report on crime in the United States -- State and federal officials on Hurricane Sandy damage and recovery. 327 $aNovember -- Colorado and Washington state officials respond to marijuana referenda -- President Obama remarks on 2012 reelection victory -- Gen. Petraeus resigns as CIA director amid scandal -- China unveils new leadership -- Federal court strikes down Michigan affirmative action ban -- Egypt announces presidential decree, acceptance of draft constitution -- United Nations grants non-member observer state status to Palestine -- U.S. and Mexican presidents on the new Mexican government. 327 $aDecember -- 2012 Doha Climate Change Conference -- European Union awarded 2012 Nobel Peace Prize -- Gov. Malloy and president Obama remark on Sandy Hook school shooting -- United Nations approves intervention in Mali -- South Korea elects first female president -- Republicans and Democrats announce deal to avert fiscal cliff. 330 8 $a'Historic Documents' makes primary source research easy by presenting in one volume key excerpts from documents about the important events of each year for the United States and the world. Each volume includes approximately 70 events with over 100 documents from the previous year, from official or other influential reports and surveys, to speeches from leaders and opinion makers, to court cases, legislation, testimony, and much more. 606 $aTwo thousand twelve, A.D$vSources 606 $aHistory, Modern$y21st century$vSources 607 $aUnited States$xHistory$y20th century 607 $aUnited States$xPolitics and government 615 0$aTwo thousand twelve, A.D. 615 0$aHistory, Modern 676 $a909.8312 701 $aKerrigan$b Heather$01828160 801 0$bMiAaPQ 801 1$bMiAaPQ 801 2$bMiAaPQ 906 $aBOOK 912 $a9911008460303321 996 $aHistoric documents of 2012$94396301 997 $aUNINA